000 00594nam a2200205Ia 4500
003 GCL
008 140319s9999 xx 000 0 ara d
040 _aGCL /
_cGCL
082 0 4 _a813.01
_bىح
100 1 _aيوسف القعيد
245 1 0 _aالحرب فى بر مصر رواية /
_cيوسف القعيد
250 _aالخامسة
260 _aالقاهرة :
_bمكتبة مدبولى ،
_c1991
300 _a163 ص ؛
_c19 سم
490 _a
650 0 4 _aالادب العربى
650 0 4 _aالقصص العربية
650 0 4 _aقصص الحرب
942 _2ddc
_cBK
999 _c52632
_d52632